Mortgage lenders, HIPs and future of valuations (Record no. 105663)

MARC details
000 -LEADER
fixed length control field 01316cam a2200241 4500
001 - CONTROL NUMBER
control field ##L134408
008 - FIXED-LENGTH DATA ELEMENTS--GENERAL INFORMATION
fixed length control field 060803n2006 000 0 eng u
020 ## - INTERNATIONAL STANDARD BOOK NUMBER
International Standard Book Number 1905257082
035 ## - SYSTEM CONTROL NUMBER
System control number (Sirsi) u134408
041 0# - LANGUAGE CODE
Language code of text/sound track or separate title eng
050 04 - LIBRARY OF CONGRESS CALL NUMBER
Classification number 333.332 $2 18
100 1# - MAIN ENTRY--PERSONAL NAME
Personal name Wagstaff, Michael
245 00 - TITLE STATEMENT
Title Mortgage lenders, HIPs and future of valuations
260 ## - PUBLICATION, DISTRIBUTION, ETC.
Place of publication, distribution, etc. London
Name of publisher, distributor, etc. CML
Date of publication, distribution, etc. 2006
520 ## - SUMMARY, ETC.
Summary, etc. Provides an overview of problems within the homebuying and selling process, an examination of the impact of Home Information Packs (HIPs) and an assessment of valuation practices after the introduction of HIPs. Makes recommendations including that government should recognise that the full benefits of HIPs, particularly from the lending perspective, may not be enjoyed until several years after implementation because of the lateness of technical standards and the resultant delay in investment in systems. Charts and tables. References.
590 ## - LOCAL NOTE (RLIN)
Local note IKA010806
650 24 - SUBJECT ADDED ENTRY--TOPICAL TERM
Topical term or geographic name entry element HOUSING ACT 2004 PART V
651 #4 - SUBJECT ADDED ENTRY--GEOGRAPHIC NAME
Geographic name England and Wales
Chronological subdivision 1543-
690 ## - LOCAL SUBJECT ADDED ENTRY--TOPICAL TERM (OCLC, RLIN)
Topical term or geographic name as entry element PROPERTY-RESIDENTIAL PROPERTY-ACQUISITION AND DISPOSAL OF RESIDENTIAL PROPERTY-HOME BUYING REFORM
700 1# - ADDED ENTRY--PERSONAL NAME
Personal name Pannell, Bob
856 40 - ELECTRONIC LOCATION AND ACCESS
Uniform Resource Identifier <a href="https://www.cml.org.uk/cml/publications/research">https://www.cml.org.uk/cml/publications/research</a>
Public note View the research free of charge at www.cml.org.uk...
942 ## - ADDED ENTRY ELEMENTS (KOHA)
Suppress in OPAC 0
Holdings
Withdrawn status Lost status Source of classification or shelving scheme Damaged status Not for loan Home library Current library Shelving location Date acquired Total Checkouts Full call number Barcode Date last seen Copy number Price effective from Koha item type
    Dewey Decimal Classification     Virtual Virtual Online 03/08/2006   ONLINE PUBLICATION 134408-2001 06/08/2019 1 06/08/2019 Book